Illustrated films monthly.
| Format: | Journal |
|---|---|
| Language: | English |
| Published: |
London :
Camberwell Press,
1913-1914.
|
| Subjects: | |
| Online Access: | Vol. 1 Vol. 2 Vol. 2 |
MARC
| Tag | First Indicator | Second Indicator | Subfields |
|---|---|---|---|
| LEADER | 00000cas a2200000 a 4500 | ||
| 001 | in00003422607 | ||
| 005 | 20190407113038.0 | ||
| 006 | m o d | ||
| 007 | cr bn ---uuuuu | ||
| 008 | 130111d19131914enkmr p o 0 a0eng d | ||
| 035 | |a AC009120 | ||
| 040 | |a UkMbAM-D |c UkMbAM-D |d UtOrBLW | ||
| 043 | |a e-uk--- | ||
| 245 | 0 | 0 | |a Illustrated films monthly. |
| 246 | 1 | |i Title on publisher's web site also given as: |a Films monthly | |
| 264 | 1 | |a London : |b Camberwell Press, |c 1913-1914. | |
| 300 | |a 1 online resource. | ||
| 310 | |a Monthly | ||
| 336 | |a text |b txt |2 rdacontent | ||
| 337 | |a computer |b c |2 rdamedia | ||
| 338 | |a online resource |b cr |2 rdacarrier | ||
| 362 | 0 | |a No. 1 (Sept. 1913)-no. 12 (Aug. 1914) | |
| 535 | 1 | |a Bill Douglas Centre, University of Exeter | |
| 500 | |a Electronic resource. | ||
| 650 | 0 | |a Fan magazines |z Great Britain. | |
| 650 | 0 | |a Motion picture actors and actresses |v Periodicals. | |
| 650 | 0 | |a Motion pictures |x Plots, themes, etc. |v Periodicals. | |
| 856 | 4 | 0 | |3 Vol. 1 |u http://proxy.library.tamu.edu/login?url=http://www.victorianpopularculture.amdigital.co.uk/Contents/document-details.aspx?documentid=818102 |t 0 |
| 856 | 4 | 0 | |3 Vol. 2 |u http://proxy.library.tamu.edu/login?url=http://www.victorianpopularculture.amdigital.co.uk/Contents/document-details.aspx?documentid=818032 |t 0 |
| 856 | 4 | 0 | |3 Vol. 2 |u http://proxy.library.tamu.edu/login?url=http://www.victorianpopularculture.amdigital.co.uk/Contents/document-details.aspx?documentid=818100 |t 0 |
| 999 | |a MARS | ||
| 999 | f | f | |s b81d4b44-19c2-3d7e-9723-bbaafe7e991f |i cd6f28af-8113-3b13-b298-448bb0c19e52 |t 0 |
| 952 | f | f | |a Texas A&M University |b College Station |c Electronic Resources |d Available Online |t 0 |h No information provided |
| 998 | f | f | |t 0 |l Available Online |